Central Library OPAC University of Rajshahi

Manual on practical Agricultural Meteorology / (Record no. 68674)

MARC details
000 -LEADER
fixed length control field 00792nam a2200253 a 4500
001 - CONTROL NUMBER
control field 68674
003 - CONTROL NUMBER IDENTIFIER
rucl marc code BD-RjUL
005 - DATE AND TIME OF LATEST TRANSACTION
control field 20211209081810.0
008 - FIXED-LENGTH DATA ELEMENTS--GENERAL INFORMATION
fixed length control field 170404s2007 ii a|||| b||| 00| 0 eng d
020 ## - INTERNATIONAL STANDARD BOOK NUMBER
International Standard Book Number 8177543032 :
035 ## - SYSTEM CONTROL NUMBER
System control number (BD-RjUL)68884
040 ## - CATALOGING SOURCE
Original cataloging agency BD-RjUL
Language of cataloging eng
Transcribing agency BD-RjUL
Modifying agency BD-RjUL
041 ## - LANGUAGE CODE
Language code of text/sound track or separate title eng
082 ## - DEWEY DECIMAL CLASSIFICATION NUMBER
Edition number 23
Classification number 630.2515
Author mark and year NAM 2007
100 ## - MAIN ENTRY--PERSONAL NAME
Personal name Nanjappa, H. V.
9 (RLIN) 203541
245 ## - TITLE STATEMENT
Title Manual on practical Agricultural Meteorology /
Statement of responsibility, etc. H. V. Nanjappa; B. K. Ramachandrappa
260 ## - PUBLICATION, DISTRIBUTION, ETC. (IMPRINT)
Place of publication, distribution, etc. Jodhpur :
Name of publisher, distributor, etc. Agrobios (India),
Date of publication, distribution, etc. 2007.
300 ## - PHYSICAL DESCRIPTION
Pagination 101 p. :
Illustrations ill. ;
Size 28 cm.
504 ## - BIBLIOGRAPHY, ETC. NOTE
Bibliography, etc Include Bibliography
650 ## - SUBJECT ADDED ENTRY--TOPICAL TERM
Topical term or geographic name as entry element Meteorology.
9 (RLIN) 203542
Topical term or geographic name as entry element Agriculture
Form subdivision practicle Manual
Geographic subdivision India.
9 (RLIN) 203543
700 ## - ADDED ENTRY--PERSONAL NAME
Personal name Ramachandrappa, B. K.
942 ## - ADDED ENTRY ELEMENTS (KOHA)
Source of classification or shelving scheme Dewey Decimal Classification
Koha item type Books
Holdings
Lost status Source of classification or shelving scheme Damaged status Not for loan Collection code Permanent Location Current Location Shelving location Date acquired Source of acquisition Cost, normal purchase price Total Checkouts Full call number Date last seen Copy number Koha item type
  Dewey Decimal Classification   Not For Loan Non-fiction Central Library, University of Rajshahi Central Library, University of Rajshahi Reading Room 09/12/2021 Paragon Enterprises, Dhaka 395.00   630.2515 NAM 2007 04/04/2017 C-1 Books